| 000 | 00347nam a22001457a 4500 | ||
|---|---|---|---|
| 005 | 20230711101123.0 | ||
| 008 | 230711b ||||| |||| 00| 0 eng d | ||
| 040 | _cAL | ||
| 041 | _aeng | ||
| 082 |
_223 _a302 _bRAIS |
||
| 100 |
_aRai B C _9126371 |
||
| 245 | _aSocial Psychology | ||
| 260 |
_aLucknow _bPrakashan Kendhra _c2001 |
||
| 942 |
_2ddc _cBK |
||
| 999 |
_c227800 _d227800 |
||